| 000 | 01034cam a22002411 4500 | ||
|---|---|---|---|
| 001 | ne 68000381 | ||
| 003 | DLC | ||
| 005 | 20260227111837.0 | ||
| 008 | 710901s1965 ua 100 0 eng | ||
| 010 | _ane 68000381 | ||
| 025 | _aPL480:UAR-8258 | ||
| 040 |
_aDLC _cDLC _dDLC |
||
| 050 | 0 | 0 |
_aD839.2 _b.C65 1964d |
| 111 | 2 |
_aConference of Heads of State or Government of Non-aligned Countries _n(2nd : _d1964 : _cCairo, Egypt) |
|
| 245 | 0 | 0 | _aConference of Heads of State and Governments of Non-aligned Countries, Cairo, October 5-10, 1964. |
| 260 |
_aCairo _b[National Publication House, _c1965] |
||
| 300 |
_a357 p. _c24 cm. |
||
| 350 | _aN.T. | ||
| 500 | _aAt head of title: Ministry of National Guidance, Information Administration. | ||
| 500 | _a"Comprises the speeches and statements of the Heads of State and Governments of the non-aligned countries in addition to the resolutions of the Conference." | ||
| 650 | 0 |
_aWorld politics _y1955-1965 _xCongresses. |
|
| 710 | 1 |
_aUnited Arab Republic. _bMaṣlaḥat al-Istiʻlāmāt. |
|
| 999 |
_c50016 _d50016 |
||